000
00437nam a22001337a 4500
003
SGT
020
_a
9789355620125
082
_a
891.4309
_b
Y22C
100
_a
चतुर्वेदी, आशुतोष
245
_a
यायावर शब्दशिल्पी : पं बनारसीदास चतुर्वेदी
260
_b
प्रभात प्रकाशन
_c
2022
300
_a
183
942
_2
ddc
_c
BK
999
_c
30618
_d
30618